[Event "POL-chT 2nd League"]
[Site "Lazy"]
[Date "2012.09.09"]
[Round "9"]
[White "Kobus, Sebastian"]
[Black "Zdrojewski, Wojciech"]
[Result "0-1"]
[WhiteElo "2086"]
[BlackElo "2166"]
[PlyCount "93"]
[EventDate "2012.09.01"]
[EventType "team-swiss"]
[EventRounds "9"]
[EventCountry "POL"]
[SourceTitle "EXT 2019"]
[Source "ChessBase"]
[SourceDate "2018.10.10"]
[SourceVersion "1"]
[SourceVersionDate "2018.10.10"]
[SourceQuality "1"]
[WhiteTeam "Kolbudy UKS Zawisza"]
[BlackTeam "Gdynia Korsarz"]
[WhiteTeamCountry "POL"]
[BlackTeamCountry "POL"]

1. e4 Nf6 2. Nc3 d5 3. exd5 Nxd5 4. Bc4 c6 5. Qf3 e6 6. Nge2 Nd7 7. d4 N7f6 8. Bg5 Be7 9. Rd1 Qc7 10. 0-0 b5 11. Bxf6 Bxf6 12. Bxd5 exd5 13. Nf4 0-0 14. Ncxd5 cxd5 15. Nxd5 Qb7 16. Nxf6+ gxf6 17. d5 Re8 18. Rd3 f5 19. Qh5 Re4 20. Rg3+ Rg4 21. Rxg4+ fxg4 22. Qg5+ Kf8 23. Qh6+ Kg8 24. Re1 Bf5 25. d6 Bg6 26. Qd2 Rd8 27. Qg5 Rxd6 28. Qxg4 Qd7 29. Qf3 Bxc2 30. Qg3+ Bg6 31. h4 Rd1 32. Rxd1 Qxd1+ 33. Kh2 h5 34. Qb8+ Kh7 35. Qxa7 Qg4 36. Qe7 Qf4+ 37. Kg1 Qc1+ 38. Kh2 Qxb2 39. f4 Qxa2 40. Qg5 Qe2 41. Qf6 Qe6 42. Qg5 b4 43. Qb5 b3 44. g3 Qe3 45. Kh3 Qf2 46. g4 hxg4+ 47. Kxg4 0-1

[Event "Gdansk op 14th"]
[Site "Gdansk"]
[Date "2012.07.26"]
[Round "6"]
[White "Dzikowski, Michal"]
[Black "Kobus, Sebastian"]
[Result "1/2-1/2"]
[WhiteElo "1857"]
[BlackElo "2097"]
[PlyCount "68"]
[EventDate "2012.07.22"]
[EventType "swiss"]
[EventRounds "9"]
[EventCountry "POL"]
[SourceTitle "CBM 149 Extra"]
[Source "ChessBase"]
[SourceDate "2012.08.24"]
[SourceVersion "1"]
[SourceVersionDate "2012.08.24"]
[SourceQuality "1"]

1. d4 d5 2. Nf3 Bf5 3. Bf4 e6 4. c3 Bd6 5. Bxd6 Qxd6 6. e3 Nf6 7. Nbd2 0-0 8. Ne5 Nbd7 9. f4 c5 10. Be2 cxd4 11. exd4 Ne4 12. Nxd7 Qxd7 13. 0-0 Nxd2 14. Qxd2 b5 15. a3 a5 16. Bd3 Be4 17. Qe2 Bxd3 18. Qxd3 Rab8 19. f5 exf5 20. Qxf5 Rfd8 21. Rae1 b4 22. axb4 axb4 23. Qg5 h6 24. Qh4 Re8 25. Rxe8+ Qxe8 26. Re1 Qb5 27. Qg3 b3 28. Qf3 Re8 29. Rxe8+ Qxe8 30. Kf2 Qe6 31. h3 g5 32. Qe2 Qf5+ 33. Qf3 Qc2+ 34. Qe2 Kg7 1/2-1/2

[Event "Gdansk op 14th"]
[Site "Gdansk"]
[Date "2012.07.24"]
[Round "4"]
[White "Czarkowski, Tomasz"]
[Black "Kobus, Sebastian"]
[Result "0-1"]
[WhiteElo "1636"]
[BlackElo "2097"]
[PlyCount "66"]
[EventDate "2012.07.22"]
[EventType "swiss"]
[EventRounds "9"]
[EventCountry "POL"]
[SourceTitle "CBM 149 Extra"]
[Source "ChessBase"]
[SourceDate "2012.08.24"]
[SourceVersion "1"]
[SourceVersionDate "2012.08.24"]
[SourceQuality "1"]

1. d4 d5 2. c4 e6 3. Nc3 Nf6 4. Bg5 Be7 5. Nf3 0-0 6. e3 b6 7. h3 Bb7 8. a3 h6 9. Bf4 Bd6 10. Bxd6 cxd6 11. Qc2 Nbd7 12. cxd5 Nxd5 13. Nxd5 Bxd5 14. Bd3 Rc8 15. Qe2 e5 16. dxe5 dxe5 17. e4 Bb7 18. 0-0 Nc5 19. Nxe5 Qd4 20. b4 Nxd3 21. Nxd3 Ba6 22. Rfd1 Rfd8 23. Nf4 Bxe2 24. Rxd4 Rxd4 25. Nxe2 Rxe4 26. Ra2 Rec4 27. Kf1 Rc2 28. Ra1 Rd2 29. a4 Rcc2 30. Re1 Ra2 31. a5 bxa5 32. bxa5 Rxa5 33. Nc3 Rd6 0-1

[Event "Ostroda op 8th"]
[Site "Ostroda"]
[Date "2011.08.09"]
[Round "7"]
[White "Kobus, Sebastian"]
[Black "Budrewicz, Krzysztof"]
[Result "0-1"]
[WhiteElo "2104"]
[BlackElo "2194"]
[PlyCount "82"]
[EventDate "2011.08.04"]
[EventType "swiss"]
[EventRounds "9"]
[EventCountry "POL"]
[SourceTitle "CBM 143 Extra"]
[Source "ChessBase"]
[SourceDate "2011.08.29"]
[SourceVersion "1"]
[SourceVersionDate "2011.08.29"]
[SourceQuality "1"]

1. e4 c5 2. Nf3 e6 3. d4 cxd4 4. Nxd4 a6 5. Bd3 Qc7 6. 0-0 Nf6 7. Bg5 Nc6 8. Ne2 h6 9. Bf4 d6 10. c3 g5 11. Bg3 Ne5 12. Bc2 Nh5 13. Nd2 Bd7 14. Nd4 Nxg3 15. hxg3 h5 16. N2f3 Be7 17. Nxe5 dxe5 18. Nf3 0-0-0 19. Qc1 Rhg8 20. Re1 g4 21. Nh4 Bg5 22. Qb1 Bd2 23. Rd1 Bb5 24. c4 Bxc4 25. Re1 Qa5 26. b4 Bxb4 27. Rc1 Kb8 28. Bb3 Bd3 29. Bc2 Be2 30. Qb3 Qa3 31. Rab1 Qxb3 32. Rxb3 Bd2 33. Rcb1 Rd7 34. R3b2 Rc8 35. Bd1 Bxd1 36. Rxd1 Rc1 37. Rb1 Rxb1 38. Rxb1 Rc7 39. f4 exf4 40. Rd1 fxg3 41. Rxd2 Rc1+ 0-1

[Event "Gdansk op 12th "]
[Site "Gdansk"]
[Date "2010.07.17"]
[Round "1"]
[White "Sieradzka, Kornelia"]
[Black "Kobus, Sebastian"]
[Result "0-1"]
[WhiteElo "1361"]
[BlackElo "2080"]
[PlyCount "70"]
[EventDate "2010.07.17"]
[EventType "swiss"]
[EventRounds "9"]
[EventCountry "POL"]
[SourceTitle "EXT 2011"]
[Source "ChessBase"]
[SourceDate "2010.11.26"]
[SourceVersion "1"]
[SourceVersionDate "2010.11.26"]
[SourceQuality "1"]

1. e4 e5 2. Nf3 Nf6 3. Nc3 Bb4 4. d3 d6 5. Be3 0-0 6. Qd2 Nc6 7. Be2 d5 8. exd5 Nxd5 9. a3 Ba5 10. 0-0 Bg4 11. Rfe1 f5 12. Ng5 Nxe3 13. Ne6 Bxc3 14. bxc3 Qd5 15. Qxe3 Qxe6 16. Bxg4 fxg4 17. d4 Rae8 18. Qe4 Qf5 19. Qxf5 Rxf5 20. Re2 Rd8 21. Rd1 Kf7 22. d5 Ne7 23. c4 c6 24. Red2 cxd5 25. cxd5 e4 26. c4 b6 27. a4 Nc8 28. Re1 Nd6 29. Rd4 Rc8 30. Rc1 Rc5 31. Kf1 e3 32. Rc2 Rxf2+ 33. Rxf2+ exf2 34. Kxf2 Rxc4 35. Rxc4 Nxc4 0-1

[Event "Kowalewo Pomorskie op-A 17th"]
[Site "Kowalewo Pomorskie"]
[Date "2010.07.08"]
[Round "6"]
[White "Banasik, Krzysztof"]
[Black "Kobus, Sebastian"]
[Result "1-0"]
[WhiteElo "2250"]
[BlackElo "2080"]
[PlyCount "94"]
[EventDate "2010.07.04"]
[EventType "swiss"]
[EventRounds "8"]
[EventCountry "POL"]
[SourceTitle "CBM 137 Extra"]
[Source "ChessBase"]
[SourceDate "2010.09.01"]
[SourceVersion "1"]
[SourceVersionDate "2010.09.01"]
[SourceQuality "1"]

1. e4 e5 2. Nf3 Nf6 3. d3 Nc6 4. Be2 Bc5 5. c3 d6 6. b4 Bb6 7. Bb2 0-0 8. 0-0 Bg4 9. Nbd2 Nh5 10. a4 a6 11. Nc4 Ba7 12. h3 Bxf3 13. Bxf3 Nf4 14. Ne3 a5 15. b5 Ne7 16. Kh2 Bxe3 17. fxe3 Ne6 18. Bg4 Ng6 19. c4 Qe7 20. Ra2 Nc5 21. Ba3 Rfd8 22. Raf2 Nf8 23. Rxf7 Qxf7 24. Rxf7 Kxf7 25. Bf3 Kg8 26. d4 Ncd7 27. h4 Nf6 28. c5 d5 29. exd5 e4 30. Be2 Nxd5 31. Bc4 Kh8 32. Bc1 c6 33. b6 Ng6 34. Kh3 Rf8 35. Bd2 Nge7 36. Qe1 g5 37. Qg3 Rf5 38. Qd6 gxh4 39. Be1 Rg8 40. Qd7 Rh5 41. Bxd5 Nxd5 42. Qxb7 Rf5 43. Qxc6 Rf1 44. g4 Nxe3 45. Qxe4 Nc4 46. Qe2 Rgf8 47. Qxc4 R8f3+ 1-0

[Event "Kowalewo Pomorskie op-A 17th"]
[Site "Kowalewo Pomorskie"]
[Date "2010.07.06"]
[Round "4"]
[White "Plichta, Kamil"]
[Black "Kobus, Sebastian"]
[Result "1-0"]
[WhiteElo "2158"]
[BlackElo "2080"]
[PlyCount "107"]
[EventDate "2010.07.04"]
[EventType "swiss"]
[EventRounds "8"]
[EventCountry "POL"]
[SourceTitle "CBM 137 Extra"]
[Source "ChessBase"]
[SourceDate "2010.09.01"]
[SourceVersion "1"]
[SourceVersionDate "2010.09.01"]
[SourceQuality "1"]

1. d4 d5 2. c4 e6 3. Nc3 Nf6 4. cxd5 exd5 5. Bg5 Be7 6. Qc2 0-0 7. e3 Nc6 8. Nf3 h6 9. Bf4 Re8 10. a3 Bg4 11. Bd3 Bd6 12. Bxd6 Bxf3 13. Bxc7 Qxc7 14. gxf3 Nxd4 15. Qd1 Nc6 16. 0-0 d4 17. Nb5 Qe7 18. Nxd4 Nxd4 19. exd4 Nd5 20. Kh1 Nf4 21. Qd2 Qh4 22. Rg1 Nh3 23. Rg3 Rad8 24. Rd1 Rxd4 25. Rf1 Red8 26. Qc3 Nf4 27. Bb5 a6 28. Rfg1 Nh5 29. Rg4 Rxg4 30. fxg4 Nf4 31. Bc4 Nh3 32. Qg3 Nxf2+ 33. Kg2 Qxg4 34. Kxf2 Qf5+ 35. Ke3 Qc5+ 36. Kf3 Qf5+ 37. Ke3 g5 38. Rc1 b5 39. Be2 Qf6 40. Rc3 a5 41. Bd3 b4 42. axb4 axb4 43. Rc2 Qb6+ 44. Ke2 Qa7 45. Qe5 Qd7 46. Qf5 Qd6 47. Ke3 b3 48. Rc4 Re8+ 49. Kf3 Kf8 50. Qc5 Qxc5 51. Rxc5 Re1 52. Rb5 Rh1 53. Kg2 Rd1 54. Rxb3 1-0

[Event "Kolobrzeg op 11th"]
[Site "Kolobrzeg"]
[Date "2010.??.??"]
[Round "5"]
[White "Kobus, Sebastian"]
[Black "Bukowska, Katarzyna"]
[Result "1-0"]
[WhiteElo "2080"]
[BlackElo "2002"]
[PlyCount "89"]
[EventDate "2010.08.16"]
[EventType "swiss"]
[EventRounds "9"]
[EventCountry "POL"]
[SourceTitle "CBM 138 Extra"]
[Source "ChessBase"]
[SourceDate "2010.10.29"]
[SourceVersion "1"]
[SourceVersionDate "2010.10.29"]
[SourceQuality "1"]

1. e4 e5 2. Nc3 Nf6 3. f4 d5 4. fxe5 Nxe4 5. Qf3 Nc6 6. Bb5 Nxc3 7. bxc3 Qh4+ 8. g3 Qe4+ 9. Qxe4 dxe4 10. Bxc6+ bxc6 11. Ne2 Bc5 12. d4 exd3 13. cxd3 0-0 14. d4 Be7 15. 0-0 Ba6 16. Re1 Rab8 17. Nf4 g5 18. Nh5 Rfe8 19. g4 Bc4 20. h3 c5 21. Ba3 cxd4 22. Bxe7 Rxe7 23. cxd4 c6 24. Rac1 Bd5 25. Re2 h6 26. Rc5 Kf8 27. Nf6 Rb1+ 28. Kf2 Bh1 29. Rd2 Reb7 30. d5 Bxd5 31. Rdxd5 R7b2+ 32. Ke3 Re1+ 33. Kd3 Rd1+ 34. Kc3 Rxd5 35. Nxd5 Rxa2 36. Rxc6 Ra3+ 37. Kd4 Rxh3 38. Rc8+ Kg7 39. Nf6 h5 40. Nxh5+ Kh6 41. Rh8+ Kg6 42. Nf4+ gxf4 43. Rxh3 Kg5 44. Ke4 Kxg4 45. Rh7 1-0

[Event "Kolobrzeg op 10th"]
[Site "Kolobrzeg"]
[Date "2009.08.17"]
[Round "1"]
[White "Kobus, Sebastian"]
[Black "Kolinski, Kamil"]
[Result "1-0"]
[WhiteElo "2035"]
[BlackElo "1533"]
[PlyCount "91"]
[EventDate "2009.08.17"]
[EventType "swiss"]
[EventRounds "9"]
[EventCountry "POL"]
[SourceTitle "CBM 131 Extra"]
[Source "ChessBase"]
[SourceDate "2009.09.03"]
[SourceVersion "2"]
[SourceVersionDate "2009.09.16"]
[SourceQuality "1"]

1. e4 c6 2. d4 d5 3. Nc3 dxe4 4. Nxe4 Bf5 5. Ng3 Bg6 6. Nf3 Nd7 7. Bd3 Bxd3 8. Qxd3 Qc7 9. 0-0 e6 10. c4 0-0-0 11. a3 Ngf6 12. b4 Bd6 13. Qb3 Bf4 14. b5 cxb5 15. cxb5 Kb8 16. a4 Nb6 17. a5 Nbd5 18. b6 Qe7 19. bxa7+ Kxa7 20. Bxf4 Nxf4 21. Qb6+ Kb8 22. a6 N6d5 23. Qb3 Qb4 24. Qxb4 Nxb4 25. Rfb1 Nfd3 26. Ne5 Nxe5 27. Rxb4 Nc6 28. Rxb7+ Ka8 29. Rxf7 g6 30. Ne2 Nxd4 31. Nxd4 Rxd4 32. g3 e5 33. a7 Rhd8 34. Rxh7 R4d7 35. Rxd7 Rxd7 36. Kg2 e4 37. Ra6 g5 38. Re6 Rd4 39. Re7 Ra4 40. h4 gxh4 41. gxh4 e3 42. Rxe3 Rxh4 43. Ra3 Rh7 44. f4 Rb7 45. Kf3 Rh7 46. Kg4 1-0

[Event "Osroda Elo"]
[Site "Osroda"]
[Date "2009.08.08"]
[Round "3"]
[White "Cyborowski, Lukasz"]
[Black "Kobus, Sebastian"]
[Result "1-0"]
[WhiteElo "2498"]
[BlackElo "2035"]
[PlyCount "57"]
[EventDate "2009.08.07"]
[EventType "tourn"]
[EventRounds "9"]
[EventCountry "POL"]
[SourceTitle "CBM 131 Extra"]
[Source "ChessBase"]
[SourceDate "2009.09.03"]
[SourceVersion "2"]
[SourceVersionDate "2009.09.16"]
[SourceQuality "1"]

1. d4 d5 2. Nf3 e6 3. c4 Nf6 4. Nc3 c5 5. e3 cxd4 6. exd4 Nc6 7. cxd5 Nxd5 8. Bd3 Be7 9. 0-0 0-0 10. Re1 Bf6 11. Be4 h6 12. Bb1 Nde7 13. Qd3 Ng6 14. Be3 Nce7 15. Bc2 Bd7 16. Ne4 Nd5 17. Nxf6+ Nxf6 18. Ne5 Ne7 19. Rad1 Bc6 20. Bc1 Qd5 21. Qh3 Rac8 22. Bb3 Qd8 23. Bc4 Bd5 24. Bd3 Nc6 25. Bxh6 gxh6 26. Qxh6 Re8 27. Re3 Nxe5 28. dxe5 Ne4 29. Rh3 1-0

[Event "Osroda Elo"]
[Site "Osroda"]
[Date "2009.08.07"]
[Round "1"]
[White "Brodowski, Piotr"]
[Black "Kobus, Sebastian"]
[Result "1-0"]
[WhiteElo "2397"]
[BlackElo "2035"]
[PlyCount "101"]
[EventDate "2009.08.07"]
[EventType "tourn"]
[EventRounds "9"]
[EventCountry "POL"]
[SourceTitle "CBM 131 Extra"]
[Source "ChessBase"]
[SourceDate "2009.09.03"]
[SourceVersion "2"]
[SourceVersionDate "2009.09.16"]
[SourceQuality "1"]

1. c4 e6 2. Nf3 d5 3. b3 Nf6 4. Bb2 Be7 5. d3 0-0 6. g3 Nbd7 7. Bg2 b6 8. cxd5 exd5 9. Nd4 Bb7 10. Nf5 Bb4+ 11. Nd2 Re8 12. 0-0 Bf8 13. Rc1 g6 14. Ne3 Rc8 15. Qc2 c5 16. Qb1 Bh6 17. Rc2 Ba8 18. Bf3 d4 19. Nec4 Bxf3 20. Nxf3 Rc6 21. b4 Rce6 22. Qd1 Qe7 23. Re1 Nd5 24. a3 N7f6 25. Bxd4 cxd4 26. Nxd4 Nc7 27. Nxe6 Nxe6 28. e3 Rd8 29. f4 Bg7 30. Ne5 Qd6 31. Qf3 Nd7 32. Nc6 Re8 33. Rd1 a6 34. d4 f5 35. Ne5 Nd8 36. Rc8 Nf6 37. Rdc1 Rf8 38. R1c7 a5 39. Qe2 Qd5 40. bxa5 bxa5 41. Rc5 Qb3 42. Rb5 Qe6 43. Qc4 Qxc4 44. Rxc4 Ne4 45. Rxa5 Nb7 46. Ra7 Ned6 47. Rc7 Rb8 48. a4 h6 49. a5 Rd8 50. a6 Nb5 51. Rxg7+ 1-0

[Event "Gdansk op"]
[Site "Gdansk"]
[Date "2009.07.24"]
[Round "7"]
[White "Bronowicki, Mateusz"]
[Black "Kobus, Sebastian"]
[Result "1-0"]
[WhiteElo "2370"]
[BlackElo "2035"]
[PlyCount "56"]
[EventDate "2009.07.19"]
[EventType "swiss"]
[EventRounds "9"]
[EventCountry "POL"]
[SourceTitle "CBM 131 Extra"]
[Source "ChessBase"]
[SourceDate "2009.09.03"]
[SourceVersion "2"]
[SourceVersionDate "2009.09.16"]
[SourceQuality "1"]

1. d4 d5 2. c4 e6 3. Nc3 Nf6 4. Bg5 Be7 5. e3 0-0 6. Qc2 Nbd7 7. cxd5 exd5 8. Bd3 Re8 9. Nge2 h6 10. Bf4 c6 11. g4 Nf8 12. g5 hxg5 13. Bxg5 Ne4 14. h4 Bf5 15. Bxe4 dxe4 16. Ng3 Bh7 17. 0-0-0 b5 18. Kb1 a5 19. d5 Qc8 20. Bxe7 Rxe7 21. Rc1 Qa6 22. dxc6 Qxc6 23. Qb3 a4 24. Nd5 Qxc1+ 25. Kxc1 axb3 26. Nxe7+ Kh8 27. axb3 Ne6 28. b4 Re8 1-0

[Event "Gdansk op"]
[Site "Gdansk"]
[Date "2009.07.20"]
[Round "2"]
[White "Kobus, Sebastian"]
[Black "Zielinski, Maciej"]
[Result "1/2-1/2"]
[WhiteElo "2035"]
[BlackElo "1888"]
[PlyCount "44"]
[EventDate "2009.07.19"]
[EventType "swiss"]
[EventRounds "9"]
[EventCountry "POL"]
[SourceTitle "CBM 131 Extra"]
[Source "ChessBase"]
[SourceDate "2009.09.03"]
[SourceVersion "2"]
[SourceVersionDate "2009.09.16"]
[SourceQuality "1"]

1. e4 e5 2. Nc3 Bc5 3. Bc4 Nf6 4. f4 d6 5. Nf3 Nc6 6. d3 Bg4 7. Na4 Bxf3 8. Qxf3 Nd4 9. Qd1 Bb6 10. Nxb6 axb6 11. c3 Nc6 12. 0-0 h6 13. a3 Qe7 14. Be3 0-0 15. Qf3 exf4 16. Bxf4 Ne5 17. Bxe5 dxe5 18. Qh3 Nxe4 19. Bxf7+ Rxf7 20. dxe4 Raf8 21. Rxf7 Rxf7 22. Qe3 Qd7 1/2-1/2

[Event "Chelmza op-A"]
[Site "Chelmza"]
[Date "2009.06.26"]
[Round "9"]
[White "Kobus, Sebastian"]
[Black "Paprocki, Jaroslaw"]
[Result "1/2-1/2"]
[WhiteElo "2035"]
[BlackElo "2217"]
[PlyCount "45"]
[EventDate "2009.06.20"]
[EventType "swiss"]
[EventRounds "9"]
[EventCountry "POL"]
[SourceTitle "EXT 2012"]
[Source "ChessBase"]
[SourceDate "2011.11.24"]
[SourceVersion "1"]
[SourceVersionDate "2011.11.24"]
[SourceQuality "1"]

1. e4 e5 2. Bc4 Bc5 3. d3 d6 4. Nc3 c6 5. Qe2 Nf6 6. Bg5 h6 7. Bxf6 Qxf6 8. Qf3 Nd7 9. Qxf6 Nxf6 10. Nge2 b5 11. Bb3 a5 12. a3 b4 13. Nd1 d5 14. exd5 cxd5 15. Ne3 Bb7 16. 0-0-0 Bxe3+ 17. fxe3 Ng4 18. Rde1 Nxe3 19. d4 f6 20. dxe5 fxe5 21. Ng3 d4 22. Nf5 0-0-0 23. Nxe3 1/2-1/2

[Event "Chelmza op-A"]
[Site "Chelmza"]
[Date "2009.06.24"]
[Round "7"]
[White "Gajek, Radoslaw"]
[Black "Kobus, Sebastian"]
[Result "0-1"]
[WhiteElo "1785"]
[BlackElo "2035"]
[PlyCount "108"]
[EventDate "2009.06.20"]
[EventType "swiss"]
[EventRounds "9"]
[EventCountry "POL"]
[SourceTitle "EXT 2012"]
[Source "ChessBase"]
[SourceDate "2011.11.24"]
[SourceVersion "1"]
[SourceVersionDate "2011.11.24"]
[SourceQuality "1"]

1. e4 e5 2. f4 exf4 3. Bc4 g5 4. Nf3 d6 5. 0-0 Bg7 6. d4 Bg4 7. g3 Qf6 8. e5 dxe5 9. dxe5 Qe7 10. Qd5 c6 11. Qd3 Bxf3 12. Rxf3 Nd7 13. gxf4 0-0-0 14. Nc3 gxf4 15. Bxf4 Bxe5 16. Bxf7 Bxf4 17. Rxf4 Nh6 18. Bb3 Kb8 19. Qg3 Ka8 20. Kh1 Nc5 21. Bc4 b5 22. Qh4 Qxh4 23. Rxh4 Rd6 24. Be2 Kb7 25. Bf3 Kb6 26. a4 Rf8 27. Ne4 Nxe4 28. Bxe4 Rf7 29. axb5 cxb5 30. Rg1 Rdf6 31. Rh5 a6 32. Rgg5 Rc7 33. Kg2 Nf7 34. Rg7 h6 35. Rf5 Nd6 36. Rxf6 Rxg7+ 37. Rg6 Rxg6+ 38. Bxg6 a5 39. Kg3 a4 40. Bd3 Kc5 41. Kh4 Nc4 42. Bxc4 Kxc4 43. Kh5 b4 44. b3+ axb3 45. cxb3+ Kxb3 46. Kxh6 Kc4 47. h4 b3 48. h5 b2 49. Kg7 b1Q 50. h6 Qg1+ 51. Kh8 Qd4+ 52. Kg8 Qg4+ 53. Kh8 Qf5 54. Kg7 Qg5+ 0-1